Racconti interrotti = Broken tales
| Autor principal: | |
|---|---|
| Tipo de documento: | Print Artículo |
| Lenguaje: | Italiano Inglés |
| Publicado: |
2023
|
| En: |
Architetture liberate
Año: 2023, Páginas: 76-91 |
| Verificar disponibilidad: | HBZ Gateway |
MARC
| LEADER | 00000naa a2200000 c 4500 | ||
|---|---|---|---|
| 001 | 1940627222 | ||
| 003 | DE-627 | ||
| 005 | 20251107100041.0 | ||
| 007 | tu | ||
| 008 | 251107s2023 xx ||||| 00| ||ita c | ||
| 020 | |a 9788849246919 | ||
| 035 | |a (DE-627)1940627222 | ||
| 035 | |a (DE-599)KXP1940627222 | ||
| 040 | |a DE-627 |b ger |c DE-627 |e rda | ||
| 041 | |a ita |a eng | ||
| 084 | |a 2,1 |2 ssgn | ||
| 100 | 1 | |a Pintus, Valentina |e VerfasserIn |0 (DE-588)1050968751 |0 (DE-627)785784373 |0 (DE-576)405421893 |4 aut | |
| 245 | 1 | 0 | |a Racconti interrotti |b = Broken tales |c Valentina Pintus |
| 246 | 3 | 1 | |a Broken tales |
| 264 | 1 | |c 2023 | |
| 300 | |b Illustrationen | ||
| 336 | |a Text |b txt |2 rdacontent | ||
| 337 | |a ohne Hilfsmittel zu benutzen |b n |2 rdamedia | ||
| 338 | |a Band |b nc |2 rdacarrier | ||
| 500 | |a Text in italienischer Sprache; abstract auch in englischer Sprache | ||
| 773 | 0 | 8 | |i Enthalten in |t Architetture liberate |d Roma : Gangemi editore SpA international, 2023 |g (2023), Seite 76-91 |h 191 Seiten |w (DE-627)1883702771 |z 9788849246919 |7 nnam |
| 773 | 1 | 8 | |g year:2023 |g pages:76-91 |
| 951 | |a AR | ||
| ELC | |b 1 | ||
| LOK | |0 000 xxxxxcx a22 zn 4500 | ||
| LOK | |0 001 4798376655 | ||
| LOK | |0 003 DE-627 | ||
| LOK | |0 004 1940627222 | ||
| LOK | |0 005 20251107085504 | ||
| LOK | |0 008 251107||||||||||||||||ger||||||| | ||
| LOK | |0 040 |a DE-2619 |c DE-627 |d DE-2619 | ||
| LOK | |0 092 |o n | ||
| LOK | |0 852 |a DE-2619 | ||
| LOK | |0 852 1 |9 00 | ||
| LOK | |0 939 |a 07-11-25 |b l01 | ||
| ORI | |a SA-MARC-krimdoka001.raw | ||
